000 00568nam a22001697a 4500
999 _c8462
_d8462
008 201125b ||||| |||| 00| 0 eng d
040 _aBMS College of Architecture
100 _aSatish, Priyadarshini
245 _aDesign for democracy - legislative assembly for the state of Andhra pradesh
300 _a64p.
500 _a1BM14AT069
502 _8B,Arch
_NBMS College of Architecture, Visvesvaraya Technological University (VTU)
_aProject report
_d2018
650 _aDemocracy
700 _aNeetha S N
_eGuide
700 _aPraveen Alva
_eGuide
942 _2ddc
_cTHE